Las dificultades del desarrollo humano /

Emisión del programa Nexos TV del 19 de julio de 1994, dedicado a repensar y analizar la posibilidad de alcanzar un desarrollo sostenible, que integre la calidad humana con los cambios tecnológicos y los avances económicos. La mesa de debate está formada por Edmundo Jarquín, especialista en política...

Descripció completa

Guardat en:
Dades bibliogràfiques
Autor principal: Cordera Campos, Rolando (dir. general)
Altres autors: Sánchez Rebolledo, Adolfo (coordinación) (coordinación), Gutiérrez, Marcela (producción) (producción), Sánchez Rebolledo, Adolfo (guión) (guión), Aguilar Camín, Héctor (asesoría) (asesoría), Jarquín, Edmundo (conferencia) (conferencia), Lyons, Frederick (conferencia) (conferencia), Provencio Durazo, Enrique (conferencia) (conferencia), Zumbado, Fernando (conferencia) (conferencia)
Format: Diapositiva
Idioma:espanyol
Publicat: México : Televisión Azteca, 1994, c1994
Col·lecció:(Nexos TV ; 281)
Matèries:
Etiquetes: Afegir etiqueta
Sense etiquetes, Sigues el primer a etiquetar aquest registre!

MARC

LEADER 00000ngm^a2200000^a^4500
001 000275429
005 20250521000000.0
009 20260310111232.926
037 |a Acervo ITESO - Biblioteca 
041 |a ESP 
082 |a 320. 972  |b NEX V. 281 
100 |a Cordera Campos, Rolando  |e (dir. general) 
240 1 1 |a [Nexos TV] 
245 1 4 |a Las dificultades del desarrollo humano /  |c Dir. general de R. Cordera Campos. 
264 4 |a México :  |b Televisión Azteca,  |c 1994, c1994 
300 |a 1 videocasete VHS  |c (54 min.) 
336 |a imagen móvil bidimensional  |b tdi  |2 rdacontenido 
337 |a video  |b v  |2 rdamedio 
338 |a videocasete  |b vf  |2 rdasoporte 
440 1 |a (Nexos TV ;  |v 281) 
520 |a Emisión del programa Nexos TV del 19 de julio de 1994, dedicado a repensar y analizar la posibilidad de alcanzar un desarrollo sostenible, que integre la calidad humana con los cambios tecnológicos y los avances económicos. La mesa de debate está formada por Edmundo Jarquín, especialista en políticas públicas del Banco Interamericano de Desarrollo (BID); Enrique Provencio, director general de Investigación y Desarrollo del Instituto Nacional de Ecología; Frederick Lyons y Fernando Zumbado, representante residente en México y director regional para América Latina -respectivamente- del Programa de las Naciones Unidas para el Desarrollo (PNUD). 
610 |a Banco Interamericano de Desarrollo 
610 |a ONU 
649 |a XX 
650 |a Programas de Opinión y Debate 
650 |a Debates y el Arte de Discutir 
650 |a Desarrollo Sustentable 
650 |a Desarrollo Económico-Social -  |x Tema Principal 
650 |a Organizaciones Internacionales 
650 |a Ecología 
650 |a Economía Internacional 
700 |a Sánchez Rebolledo, Adolfo  |e (coordinación) 
700 |a Gutiérrez, Marcela  |e (producción) 
700 |a Sánchez Rebolledo, Adolfo  |e (guión) 
700 |a Aguilar Camín, Héctor  |e (asesoría) 
700 |a Jarquín, Edmundo  |e (conferencia) 
700 |a Lyons, Frederick  |e (conferencia) 
700 |a Provencio Durazo, Enrique  |e (conferencia) 
700 |a Zumbado, Fernando  |e (conferencia) 
910 |a Fondo General 
920 |a Audiovisuales - Videocasetes 
905 |a 301 
901 |a 0500066239  |b IT2  |c VIS  |u 20250521 
902 |a https://opac.biblio.iteso.mx/vufind/Record/000275429